|
|
|
|
| LEADER |
01609nam a2200373 4500 |
| 001 |
DLU130148678 |
| 005 |
##20130625 |
| 008 |
##831205s1960 njua b 100 0 eng |
| 010 |
# |
# |
|a 59011081
|
| 035 |
# |
# |
|9 (DLC) 59011081
|
| 040 |
# |
# |
|a DLC/ICU
|c ICU
|d DLC
|
| 050 |
# |
# |
|a QA320
|b .C6 1957ca
|
| 082 |
# |
# |
|a 515
|b Ana
|
| 111 |
# |
# |
|a Conference on Analytic Functions
|d (1957 :
|c Institute for Advanced Study (Princeton, N.J.))
|
| 245 |
# |
# |
|a Analytic functions /
|c R. Nevanlinna [and others].
|
| 260 |
# |
# |
|a Princeton, N.J. :
|b Princeton University Press,
|c 1960.
|
| 300 |
# |
# |
|a vii, 197 p. :
|b illus. ;
|c 24 cm.
|
| 504 |
# |
# |
|a Includes bibliographies.
|
| 505 |
# |
# |
|a On differentiable mappings, by R. Nevanlinna.--Analysis in non-compact complex spaces, by H. Behnke and H. Grauert.--The complex analytic structure of the space of closed Riemann surfaces, by L.V. Ahlfors.--Some remarks on perturbation of structure, by D.C. Spencer.--Quasiconformal mappings and Teichmüller's theorem, by L. Bers.--On compact analytic surfaces, by K. Kodaira.--The conformal mapping of Riemann surfaces, by M. Heins.--On certain coefficients of univalent functions, by J.A. Jenkins.
|
| 650 |
# |
# |
|a Analytic functions
|x Congresses.
|
| 650 |
# |
# |
|a Functional analysis
|x Congresses.
|
| 700 |
# |
# |
|a Nevanlinna, Rolf Herman,
|d 1895-
|
| 830 |
# |
# |
|a Princeton mathematical series ;
|v 24.
|
| 923 |
# |
# |
|a 01/2013
|
| 991 |
# |
# |
|a GT
|
| 992 |
# |
# |
|a 3940
|
| 994 |
# |
# |
|a DLU
|
| 900 |
# |
# |
|a True
|
| 911 |
# |
# |
|a Đào Thị Thu Huyền
|
| 925 |
# |
# |
|a G
|
| 926 |
# |
# |
|a A
|
| 927 |
# |
# |
|a SH
|
| 980 |
# |
# |
|a Thư viện Trường Đại học Đà Lạt
|